Statistics for População do Distrito de Viseu por ordem

Click here to take the quiz!

General Stats

  • This quiz has been taken 3 times
  • The average score is 14 of 24

Answer Stats

HintAnswer% Correct
24 312 hab.Lamego
100%
25 910 hab.Tondela
100%
99 551 hab.Viseu
100%
13 736 hab.Castro Daire
67%
17 730 hab.Cinfães
67%
18 303 hab.Mangualde
67%
9 410 hab.Moimenta da Beira
67%
13 119 hab.Nelas
67%
9 506 hab.Oliveira de Frades
67%
10 051 hab.Resende
67%
10 641 hab.Santa Comba Dão
67%
15 137 hab.São Pedro do Sul
67%
11 030 hab.Sátão
67%
9 580 hab.Vouzela
67%
5 678 hab.Armamar
33%
9 038 hab.Carregal do Sal
33%
8 963 hab.Mortágua
33%
7 333 hab.Penalva do Castelo
33%
2 738 hab.Penedono
33%
6 775 hab.São João da Pesqueira
33%
5 692 hab.Sernancelhe
33%
5 034 hab.Tabuaço
33%
7 363 hab.Tarouca
33%
4 662 hab.Vila Nova de Paiva
33%

Score Distribution

Percentile by Number Answered

Percent of People with Each Score

Your Score History

You have not taken this quiz